[Event "Live to win"]
[Site "http://www.queenalice.com/game.php?id=902951"]
[Date "2011.2.19"]
[Round "-"]
[White "TriGuy"]
[Black "champgg"]
[Result "1-0"]
[WhiteElo "2169"]
[BlackElo "2275"]

1. b3 e5 2. Bb2 d6 3. e3 f5 4. d4 e4 5. c4 Nc6 6. Na3 Nf6 7. Ne2 d5 8. Nc2 Be6
9. Nf4 Bf7 10. Be2 Qd7 11. O-O O-O-O 12. Nxd5 Nxd5 13. cxd5 Bxd5 14. Rc1 h5 15.
Qd2 h4 16. Qc3 h3 17. g3 a6 18. b4 Na7 19. Bc4 g5 20. Na3 Rh7 21. Bxd5 Qxd5 22.
Nc4 Nc6 23. a4 f4 24. b5 axb5 25. axb5 Qxb5 26. Qc2 Qd5 27. Ne5 Nb4 28. Ra1 b5
29. Qc3 Bd6 30. Qa3 1-0

[Event "Live to win"]
[Site "http://www.queenalice.com/game.php?id=905589"]
[Date "2011.2.25"]
[Round "-"]
[White "champgg"]
[Black "Alpaga"]
[Result "0-1"]
[WhiteElo "2266"]
[BlackElo "2333"]

1. d4 Nf6 2. Nf3 g6 3. Bg5 Bg7 4. Nbd2 h6 5. Bh4 O-O 6. e3 d6 7. Bd3 Nbd7 8. O-O
e5 9. c3 Qe8 10. Qc2 Nh5 11. Rad1 Nb6 12. dxe5 dxe5 13. c4 Na4 14. b4 a5 15. b5
Nc5 16. Be2 f5 17. Nb3 Nxb3 18. Qxb3 g5 19. Bxg5 a4 20. Qb4 hxg5 21. Nxg5 Bf6
22. h4 Ng7 23. Rd2 Ne6 24. Nxe6 Bxe6 25. c5 Qf7 26. h5 Kh7 27. Rfd1 e4 28. Qa3
Rg8 29. c6 bxc6 30. bxc6 Kh6 31. g3 Be5 32. Kf1 Bxg3 33. fxg3 Rxg3 34. Ke1 f4
35. Rd7 Bxd7 36. cxd7 Rg1+ 37. Kd2 Qxd7+ 38. Kc2 Rxd1 39. Bxd1 Rd8 40. Qb4 Qxd1+
41. Kb2 Rd2+ 42. Ka3 Rd3+ 43. Kb2 a3+ 0-1

[Event "Live to win"]
[Site "http://www.queenalice.com/game.php?id=905590"]
[Date "2011.2.25"]
[Round "-"]
[White "Alpaga"]
[Black "champgg"]
[Result "1-0"]
[WhiteElo "2343"]
[BlackElo "2275"]

1. e4 c5 2. Nf3 d6 3. d4 cxd4 4. c3 dxc3 5. Nxc3 Nc6 6. Bc4 a6 7. O-O Nf6 8. Qe2
e6 9. Rd1 Qc7 10. Bf4 Be7 11. Rac1 O-O 12. h3 Rd8 13. Bb3 b5 14. Nd5 Qb7 15.
Nxe7+ Nxe7 16. Bxd6 Ng6 17. e5 Ne8 18. Bc2 Qa7 19. Bc5 Rxd1+ 20. Qxd1 Qc7 21.
Ba3 Qd7 22. Be4 Rb8 23. Bd6 Rb6 24. Qd4 Nxd6 25. exd6 Rxd6 26. Rxc8+ Qxc8 27.
Qxd6 Qc1+ 28. Kh2 Qf4+ 29. Qxf4 Nxf4 30. Nd4 g5 31. Bb7 a5 32. Be4 b4 33. Nc6
Ne2 34. Nxa5 f5 35. Bb7 Nd4 36. Nc6 Nxc6 37. Bxc6 Kf7 38. Kg3 Ke7 39. Kf3 Kd6
40. Ba4 h5 41. Ke3 Ke5 42. Bb3 Kf6 43. a3 bxa3 44. bxa3 e5 45. a4 Ke7 46. a5 Kd6
47. a6 Kc6 48. Be6 Kb6 49. Bxf5 Kxa6 50. Ke4 Kb5 51. Kxe5 1-0

[Event "Live to win"]
[Site "http://www.queenalice.com/game.php?id=905593"]
[Date "2011.2.25"]
[Round "-"]
[White "champgg"]
[Black "feliz70"]
[Result "1-0"]
[WhiteElo "2261"]
[BlackElo "2357"]

1. e4 c5 2. Nf3 Nc6 3. d4 cxd4 4. Nxd4 Qc7 5. Nb5 Qb8 6. Bd3 e6 7. Be3 a6 8.
N5c3 b5 9. f4 Bb7 10. Nd2 d6 11. O-O Nf6 12. f5 Ne5 13. fxe6 fxe6 14. Nf3 Be7
15. Nxe5 dxe5 16. Qf3 O-O 17. Qh3 Qd6 18. a3 Qc6 19. Kh1 Rad8 20. Rf3 Rf7 21.
Bf2 Rdf8 22. Rf1 Bd8 23. Bg3 Bc7 24. Qh4 Qd6 25. Rd1 Qc6 26. Rdf1 Qd6 27. Qg5
Ba8 28. h3 h6 29. Qg6 Bc6 30. Bh4 Bd8 31. Be2 Nd5 32. Rxf7 1-0

[Event "Live to win"]
[Site "http://www.queenalice.com/game.php?id=905594"]
[Date "2011.2.25"]
[Round "-"]
[White "feliz70"]
[Black "champgg"]
[Result "1/2-1/2"]
[WhiteElo "2343"]
[BlackElo "2276"]

1. d4 d5 2. c4 e6 3. Nf3 Nf6 4. g3 dxc4 5. Bg2 Nc6 6. Qa4 Bb4+ 7. Bd2 Nd5 8.
Bxb4 Nxb4 9. Nc3 Bd7 10. O-O a5 11. Qd1 O-O 12. Nd2 Nxd4 13. Bxb7 Rb8 14. Be4 f5
15. Bg2 Bc6 16. Nxc4 Bxg2 17. Kxg2 Qd7 18. f3 Nbc2 19. Rc1 Qc6 20. b3 Qxc4 21.
bxc4 Ne3+ 22. Kf2 Nxd1+ 23. Rfxd1 e5 24. Nb5 Rfd8 25. Rb1 c6 26. Nxd4 Rxb1 27.
Rxb1 Rxd4 28. Rb8+ Kf7 29. Ra8 Rxc4 30. Rxa5 Kf6 31. Ra6 h5 32. a4 Ke7 33. Ra7+
Kf6 34. a5 Ra4 35. a6 f4 36. Ra8 Kf7 37. a7 Ra3 38. Ke1 c5 39. Kd2 c4 40. Kc1
Kg6 41. Kb2 Rb3+ 42. Kc2 Ra3 43. Kc1 Rc3+ 44. Kd2 Ra3 45. Kc2 c3 46. Kd3 Kf7 47.
g4 1/2-1/2

[Event "Mission: impossible"]
[Site "http://www.queenalice.com/game.php?id=906954"]
[Date "2011.3.1"]
[Round "-"]
[White "toniteacher"]
[Black "champgg"]
[Result "0-1"]
[WhiteElo "1663"]
[BlackElo "2254"]

1. c4 c5 2. g3 Nf6 3. Nc3 Nc6 4. Bg2 e6 5. Nf3 Be7 6. O-O d5 7. cxd5 Nxd5 8. e4
Ndb4 9. a3 Nd3 10. Ne1 Nce5 11. f4 Qd4+ 0-1

[Event "Challenge"]
[Site "http://www.queenalice.com/game.php?id=908082"]
[Date "2011.3.3"]
[Round "-"]
[White "champgg"]
[Black "seoulmama"]
[Result "1-0"]
[WhiteElo "2238"]
[BlackElo "2161"]

1. e4 c5 2. Nf3 Nc6 3. d4 cxd4 4. Nxd4 Nf6 5. Nc3 e5 6. Ndb5 d6 7. Bg5 a6 8. Na3
b5 9. Bxf6 gxf6 10. Nd5 Bg7 11. Bd3 Ne7 12. Nxe7 Qxe7 13. c4 f5 14. O-O O-O 15.
Qf3 Re8 16. Rfe1 b4 17. Nc2 f4 18. Nxb4 Rb8 19. Nd5 Qg5 20. Qe2 Re6 21. Qc2 Rh6
22. g3 Qh5 23. h4 Qg4 24. Be2 f3 25. Bd1 Rxh4 26. Ne3 Qh5 27. gxh4 Bh6 28. Nf1
Bg4 29. Qc3 Rxb2 30. Qxb2 Qxh4 31. Re3 1-0

[Event "Challenge"]
[Site "http://www.queenalice.com/game.php?id=908329"]
[Date "2011.3.4"]
[Round "-"]
[White "champgg"]
[Black "Canaye"]
[Result "1-0"]
[WhiteElo "2255"]
[BlackElo "1863"]

1. e4 e6 2. d4 d5 3. Nd2 dxe4 4. Nxe4 Nd7 5. Nf3 Ngf6 6. Nxf6+ Nxf6 7. Bd3 c5 8.
Be3 Qc7 9. Qe2 cxd4 10. Bxd4 Be7 11. O-O O-O 12. Rad1 b6 13. Be5 Qc5 14. Bxf6
Bxf6 15. Qe4 1-0

[Event "Live to win"]
[Site "http://www.queenalice.com/game.php?id=908943"]
[Date "2011.3.5"]
[Round "-"]
[White "champgg"]
[Black "lupengui"]
[Result "1/2-1/2"]
[WhiteElo "2275"]
[BlackElo "2655"]

1. e4 c5 2. Nf3 d6 3. Bb5+ Bd7 4. Bxd7+ Qxd7 5. O-O Nf6 6. Re1 Nc6 7. c3 Rc8 8.
d4 cxd4 9. cxd4 d5 10. e5 Ne4 11. a3 e6 12. Nbd2 Nxd2 13. Bxd2 Be7 14. Rc1 h6
15. Qb3 a6 16. h3 O-O 17. Kh2 Rc7 18. Rc2 Rfc8 19. Rec1 Bd8 20. Kg1 Ne7 21. Rc5
a5 22. Rxc7 Rxc7 23. Rxc7 Qxc7 24. a4 Qc6 25. Kh2 Qa6 26. Kg1 Nc6 27. Bc3 b6 28.
Qc2 b5 29. Qd3 Na7 30. Bd2 Qc6 31. axb5 Nxb5 32. b3 Qb6 33. Kh2 Be7 34. Kg3 Qa6
35. Qc2 Qb6 36. Qc8+ Bf8 37. Bc1 Qa7 38. Kg4 a4 39. Qe8 Qa6 40. bxa4 Qxa4 41.
Ba3 Qxa3 42. Qxb5 Qa2 43. Kg3 Qc2 44. Qa5 Qb2 45. Qc7 g6 46. Qd8 Qc2 47. Qa5 Kg7
48. Qd2 Qb3 49. Qa5 Be7 50. Qc7 Bf8 51. Qd8 Kg8 52. Qf6 Qb2 53. Qd8 Qa3 54. h4
Qa7 55. Kh3 Qa2 56. Kg3 Qa3 57. Kg4 Qa1 58. Qf6 Qa4 59. Kg3 Qb5 60. Qf4 Qb3 61.
Qf6 Qc2 62. Qf4 Qa4 63. Kh3 Qd1 64. Kg3 Qb3 65. Qf6 Qc2 66. Qf4 Qb2 67. Qf6 Qe2
68. Qf4 Qd1 69. Qe3 Kg7 70. Kh2 Bb4 71. Kg3 Qh1 72. Qb3 Be7 73. Qb7 Ba3 74. Qa8
Be7 75. Qb7 Bf8 76. Qb6 Qf1 77. Qd8 Qe2 78. Qf6+ Kg8 79. Qf4 Qd3 80. Qf6 Qe2
1/2-1/2

[Event "Live to win"]
[Site "http://www.queenalice.com/game.php?id=908944"]
[Date "2011.3.5"]
[Round "-"]
[White "lupengui"]
[Black "champgg"]
[Result "1-0"]
[WhiteElo "2576"]
[BlackElo "2278"]

1. d4 Nf6 2. c4 g6 3. Nc3 d5 4. cxd5 Nxd5 5. Nf3 Bg7 6. e4 Nxc3 7. bxc3 c5 8.
Be3 O-O 9. Be2 Qa5 10. O-O Qxc3 11. Rc1 Qa3 12. Rxc5 Qxa2 13. Bc4 Qa3 14. Bc1
Qb4 15. Bd2 Qa3 16. Qc2 Bg4 17. Rb1 Bxf3 18. Bb4 Bxe4 19. Qxe4 Qa4 20. Bxf7+
Rxf7 21. Qxb7 Qa2 22. Rcc1 Na6 23. Qxa8+ Rf8 24. Qb7 Nxb4 25. Qxb4 Rxf2 26. Qc4+
1-0

[Event "Live to win"]
[Site "http://www.queenalice.com/game.php?id=909012"]
[Date "2011.3.5"]
[Round "-"]
[White "seoulmama"]
[Black "champgg"]
[Result "0-1"]
[WhiteElo "2170"]
[BlackElo "2277"]

1. e4 e5 2. f4 exf4 3. Nf3 g5 4. h4 g4 5. Ne5 d6 6. Nxg4 Nf6 7. Nxf6+ Qxf6 8.
Nc3 Nc6 9. Nd5 Qg6 10. d3 Qg3+ 11. Kd2 Nb4 12. Nxb4 Qe3+ 13. Kc3 Bg7+ 14. Kb3
Qb6 15. c3 a5 16. Kc2 axb4 17. Bxf4 bxc3 18. bxc3 Be6 19. Qb1 Qf2+ 20. Bd2 Bxc3
21. Kxc3 Ra6 22. Qb5+ Rc6+ 0-1

[Event "Let's Play Chess!"]
[Site "http://www.queenalice.com/game.php?id=910180"]
[Date "2011.3.8"]
[Round "-"]
[White "P17"]
[Black "champgg"]
[Result "0-1"]
[WhiteElo "2112"]
[BlackElo "2244"]

1. d4 d5 2. c4 e6 3. Nc3 Nf6 4. e3 c6 5. Nf3 Nbd7 6. Qc2 Bd6 7. b3 O-O 8. Bb2 a6
9. Be2 b5 10. O-O Bb7 11. e4 Nxe4 12. Nxe4 dxe4 13. Qxe4 bxc4 14. Bxc4 Nf6 15.
Qc2 Nd5 16. Ne5 Qc7 17. a3 c5 18. f4 Ne3 19. Qe2 Nxf1 20. Rxf1 cxd4 21. Bxd4
Bxa3 22. Kh1 Rad8 23. Ba1 Bc5 24. Qg4 Bd4 25. Bxd4 Rxd4 26. Nxf7 Rxc4 27. Nh6+
Kh8 28. bxc4 Qxc4 29. Rd1 gxh6 0-1

[Event "Live to win"]
[Site "http://www.queenalice.com/game.php?id=910184"]
[Date "2011.3.8"]
[Round "-"]
[White "champgg"]
[Black "salvador_2011"]
[Result "1-0"]
[WhiteElo "2256"]
[BlackElo "2064"]

1. e4 e6 2. Nc3 d5 3. f4 Qh4+ 4. g3 Qd8 5. exd5 exd5 6. Nf3 Nf6 7. d4 Bg4 8. Bg2
Bd6 9. Qe2+ Be7 10. h3 Bxf3 11. Qxf3 c6 12. Bd2 O-O 13. O-O-O Re8 14. g4 b5 15.
g5 b4 16. gxf6 bxc3 17. Qxc3 Bxf6 18. Rhe1 Bh4 19. Re5 a6 20. Bf3 Ra7 21. Rxe8+
Qxe8 22. f5 Re7 23. Bf4 Be1 24. Qc5 Rb7 25. a3 Bf2 26. Qc3 Qd8 27. Rf1 Bh4 28.
Rg1 Qb6 29. Bh6 g6 30. b3 Bf6 31. Bxd5 Be7 32. fxg6 hxg6 33. Rxg6+ Kh7 34. Bxf7
Bxa3+ 35. Kb1 1-0

[Event "Desafio #01"]
[Site "http://www.queenalice.com/game.php?id=910428"]
[Date "2011.3.8"]
[Round "-"]
[White "Aylton"]
[Black "champgg"]
[Result "0-1"]
[WhiteElo "1987"]
[BlackElo "2262"]

1. d4 d5 2. Nf3 Nf6 3. e3 e6 4. c4 dxc4 5. Bxc4 c5 6. Nc3 a6 7. a3 b5 8. Be2 Bb7
9. dxc5 Qxd1+ 10. Bxd1 Bxc5 11. b4 Bd6 12. Bb2 Nbd7 13. O-O Rc8 14. Rc1 Nb6 15.
Nd2 O-O 16. h3 Rfd8 17. Rc2 h6 18. f3 Be5 19. Ndb1 Nc4 20. Bc1 g5 21. Kf2 Rc7
22. Be2 Nd6 23. Rd1 Bd5 24. Rcd2 Bb3 25. Rh1 Bxc3 26. Nxc3 Rxc3 27. Bb2 Nde4+
28. fxe4 Nxe4+ 29. Ke1 Rxd2 30. Bxc3 Rc2 0-1

[Event "Desafio #02"]
[Site "http://www.queenalice.com/game.php?id=910429"]
[Date "2011.3.8"]
[Round "-"]
[White "champgg"]
[Black "Aylton"]
[Result "0-1"]
[WhiteElo "2260"]
[BlackElo "1933"]

1. e4 c5 2. Nf3 Nc6 3. d4 cxd4 4. Nxd4 e5 5. Nb5 a6 6. Nd6+ Bxd6 7. Qxd6 Qe7 8.
Qd1 Nf6 9. Nc3 h6 10. Bc4 b5 11. Nd5 Nxd5 12. Bxd5 O-O 13. O-O Bb7 14. Qg4 Kh7
15. Rd1 Rad8 16. a4 b4 17. Qf5+ g6 18. Qh3 g5 19. Be3 a5 20. Qg4 f6 21. Bb6 Ra8
22. Qf5+ Kg7 0-1

[Event "Maybe some day..."]
[Site "http://www.queenalice.com/game.php?id=910583"]
[Date "2011.3.9"]
[Round "-"]
[White "champgg"]
[Black "toniteacher"]
[Result "1-0"]
[WhiteElo "2260"]
[BlackElo "1646"]

1. d3 d5 2. d4 Nf6 3. c3 e6 4. Nf3 Nc6 5. g3 Bd6 6. Bg2 b6 7. c4 dxc4 8. Ne5 Bb7
9. Bxc6+ Bxc6 10. Nxc6 Qd7 11. Qa4 1-0

[Event "OS INCLIVEIS"]
[Site "http://www.queenalice.com/game.php?id=910631"]
[Date "2011.3.9"]
[Round "-"]
[White "adelio"]
[Black "champgg"]
[Result "0-1"]
[WhiteElo "1636"]
[BlackElo "2275"]

1. g3 e5 2. b3 d5 3. h3 Nc6 4. a3 Nf6 5. c3 e4 6. e3 Bf5 7. g4 Bg6 8. Ra2 h5 9.
g5 Nd7 10. h4 Nce5 11. Be2 Nc5 12. Nh3 Ned3+ 13. Bxd3 Nxd3+ 14. Kf1 Bd6 15. Nf4
Bxf4 16. exf4 Qd6 17. Qe2 Nxc1 18. Qb5+ c6 19. Qxb7 O-O 20. Kg2 Nxa2 21. Qa6 f6
22. Qe2 fxg5 23. hxg5 Rxf4 24. d3 exd3 25. Qxa2 Qe5 26. Qd2 Qe4+ 27. Kh2 Rh4+
28. Kg3 Qg4# 0-1

[Event "Ok, Champ!"]
[Site "http://www.queenalice.com/game.php?id=915769"]
[Date "2011.3.21"]
[Round "-"]
[White "tcmaclei"]
[Black "champgg"]
[Result "0-1"]
[WhiteElo "1500"]
[BlackElo "2276"]

1. c4 c5 2. e4 Nc6 3. Nf3 g6 4. g3 Nf6 5. Nc3 Bg7 6. Bg2 d6 7. d3 Bg4 8. O-O O-O
9. Be3 Nd4 10. h3 Nxf3+ 11. Bxf3 Bxh3 12. Re1 Qc8 13. Ne2 Ng4 0-1

[Event "Confronto Brasileiro"]
[Site "http://www.queenalice.com/game.php?id=920415"]
[Date "2011.4.1"]
[Round "-"]
[White "champgg"]
[Black "Ventura_2113"]
[Result "1-0"]
[WhiteElo "2270"]
[BlackElo "2042"]

1. e4 c5 2. Nf3 d6 3. d4 cxd4 4. Nxd4 Nf6 5. Nc3 g6 6. Be2 Bg7 7. Be3 O-O 8. O-O
Nc6 9. Nb3 Be6 10. f4 Qd7 11. h3 Rab8 12. Nd4 a6 13. Bd3 b5 14. Qf3 b4 15. Nce2
Rfc8 16. Bxa6 Nxd4 17. Nxd4 Bc4 18. Bxc8 Rxc8 19. Rfe1 d5 20. e5 Ne4 21. a3 bxa3
22. Rxa3 e6 23. b3 Bb5 24. c4 Bc6 25. Nxc6 Rxc6 26. Rd1 Nc3 27. Rd3 Bf8 28. Ra7
Qd8 29. Rxc3 d4 30. Qxc6 dxc3 31. Qb7 Qd1+ 32. Kh2 c2 33. Qxf7+ 1-0

[Event "Challenge"]
[Site "http://www.queenalice.com/game.php?id=923600"]
[Date "2011.4.8"]
[Round "-"]
[White "champgg"]
[Black "seoulmama"]
[Result "1-0"]
[WhiteElo "2265"]
[BlackElo "2133"]

1. e4 c5 2. Nf3 Nc6 3. d4 cxd4 4. Nxd4 Nf6 5. Nc3 e5 6. Ndb5 d6 7. Bg5 a6 8. Na3
b5 9. Bxf6 gxf6 10. Nd5 Bg7 11. c3 f5 12. exf5 Bxf5 13. Nc2 O-O 14. Nce3 Be6 15.
Bd3 f5 16. Bc2 f4 17. Qh5 Rf7 18. Bxh7+ Kf8 19. Bf5 Qe8 20. Bxe6 Qxe6 21. Qg4
Qh6 22. Nf5 Qe6 23. Nfe3 Qh6 24. O-O fxe3 25. fxe3 Kg8 26. Rxf7 Kxf7 27. Qd7+
1-0

[Event "Challenge"]
[Site "http://www.queenalice.com/game.php?id=934209"]
[Date "2011.5.4"]
[Round "-"]
[White "eddval"]
[Black "champgg"]
[Result "0-1"]
[WhiteElo "2145"]
[BlackElo "2261"]

1. e4 e5 2. Nf3 Nc6 3. d4 exd4 4. Nxd4 Nf6 5. Nxc6 bxc6 6. e5 Qe7 7. Qe2 Nd5 8.
c4 Nb6 9. Nc3 Qe6 10. Bd2 Ba6 11. b3 Bc5 12. g3 O-O 13. Bg2 Bd4 14. f4 f6 15.
O-O-O fxe5 16. Rhe1 Qe7 17. Be4 d5 18. Bb1 Qa3+ 19. Kc2 dxc4 20. b4 Nd5 0-1

[Event "AUTO-OPEN-2199"]
[Site "http://www.queenalice.com/game.php?id=952083"]
[Date "2011.6.20"]
[Round "2"]
[White "technicaldraw"]
[Black "champgg"]
[Result "0-1"]
[WhiteElo "1916"]
[BlackElo "2274"]

1. e4 c5 2. Nf3 e6 3. d4 cxd4 4. Nxd4 Nc6 5. Nc3 a6 6. Nxc6 bxc6 7. Bd3 d5 8.
O-O Nf6 9. Re1 Be7 10. e5 Nd7 11. Qg4 g6 12. Bh6 Rb8 13. Nd1 Rb4 14. Qe2 Rh4 15.
Bd2 O-O 16. Kh1 c5 17. Bxa6 Re4 18. Qb5 Rxe1+ 19. Bxe1 Bxa6 20. Qxa6 Nxe5 21.
Qe2 Nc6 22. a4 Qc7 23. a5 c4 0-1

[Event "AUTO-OPEN-2199"]
[Site "http://www.queenalice.com/game.php?id=952084"]
[Date "2011.6.20"]
[Round "2"]
[White "champgg"]
[Black "technicaldraw"]
[Result "1-0"]
[WhiteElo "2273"]
[BlackElo "1918"]

1. e4 c6 2. d4 d5 3. exd5 cxd5 4. c4 Nf6 5. Nc3 e6 6. Nf3 Bb4 7. Bd3 dxc4 8.
Bxc4 O-O 9. O-O b6 10. Bg5 Bb7 11. Qe2 Bxc3 12. bxc3 Nbd7 13. Ne5 Qc7 14. Nxd7
Nxd7 15. Rac1 Rfe8 16. Bb3 h6 17. Bh4 Qc6 18. f3 b5 19. Qd3 g5 20. Bg3 Nf6 21.
h4 g4 22. Qd2 gxf3 23. Rxf3 1-0